Bilecik Bilecik Bilecik Bilecik Bilecik

Liman mühendisliği/ (Record no. 36449)

MARC details
000 -BAŞLIK
Sabit Uzunluktaki Kontrol Alanı 01199nam a22003857a 4500
001 - KONTROL NUMARASI
Control Dosyası 0036557
003 - KONTROL NUMARASI KİMLİĞİ
Kontrol Alanı KOHA_MİRAKIL
005 - EN SON İŞLEM TARİHİ ve ZAMANI
Kontrol Alanı 20260207003010.0
007 - FİZİKSEL TANIM SABİT ALAN - GENEL BİLGİ
Sabit uzunluklu kontrol alanı ta
008 - SABİT UZUNLUKTAKİ VERİ ÖGELERİ - GENEL BİLGİ
Sabit Alan 120430b2010 tu a|||gr||||#||||0|tur |
020 ## - ISBN - ULUSLARARASI STANDART KİTAP NUMARASI
Isbn 6053773670
Nitelik bilgileri 9786053773672
Kullanılabilirlik koşulları 33,12
040 ## - KATALOGLAMA KAYNAĞI
Özgün Kataloglama Kurumu TR-BiSEU
Kataloglama Dili tur
Çeviri Kurumu TR-BiSEU
Açıklama Kuralları rda
041 0# - DİL KODU
Metin ya da ses kaydının dil kodu tur
044 ## - YAYINLAYAN/ÜRETEN KURULUŞUN ÜLKE KODU
ISO country code tu
050 ## - SINIFLAMA ve YER NUMARASI
Sınıflama Numarası TC205
Yer Numarası .Y85 2010
100 1# - KİŞİ ADI
Yazar Adı (Kişi adı) Yüksel, Yalçın.
245 1# - ESER ADI BİLDİRİMİ
Başlık Liman mühendisliği/
Sorumluluk Bildirimi Yalçın Yüksel ; Yalçın Yüksel, Esin Özkan Çevik.
250 ## - BASIM BİLDİRİMİ
Basım Bildirimi 2.baskı
264 #1 - ÜRERİM, YAYIN, DAĞITIM ve TELİF BİLDİRİMİ
Yayın yeri İstanbul :
Yayınlayan Beta Basım Yayım Dağıtım
Yayın tarihi 2010
300 ## - FİZİKSEL TANIMLAMA
Sayfa, Cilt vb. xiii, 708 sayfa :
Diğer fiziki detaylar res. ;
Boyutları 23 cm.
336 ## - İÇERİK TÜRÜ
Content type term metin
Content type code txt
Source rdacontent
337 ## - MEDYA TÜRÜ
Media type term aracısız
Media type code n
Source rdamedia
338 ## - TAŞIYICI TÜRÜ
Carrier type term cilt
Carrier type code nc
Source rdacarrier
490 1# - DİZİ BİLDİRİMİ
Dizi Bildirimi Yayın ;
Cilt Numarası no.
490 1# - DİZİ BİLDİRİMİ
Dizi Bildirimi 2344.
490 1# - DİZİ BİLDİRİMİ
Dizi Bildirimi Teknik dizi ;
Cilt Numarası 144.
490 1# - DİZİ BİLDİRİMİ
Dizi Bildirimi Deniz Mühendisliği serisi ;
Cilt Numarası 3.
650 #0 - KONU BAŞLIĞI EK GİRİŞ - KONU TERİMİ
Konusal terim veya coğrafi ad Limanlar--Tasarım ve yapı.
9 (RLIN) 69238
650 #0 - KONU BAŞLIĞI EK GİRİŞ - KONU TERİMİ
Konusal terim veya coğrafi ad Harbors--Design and construction.
9 (RLIN) 69239
830 1# - SERİ EK GİRİŞİ - TEKBİÇİM ESER ADI
Tekbiçim Başlık Yayın ;
Volume number/sequential designation no.
9 (RLIN) 1557
830 1# - SERİ EK GİRİŞİ - TEKBİÇİM ESER ADI
Tekbiçim Başlık 2344.
9 (RLIN) 69240
830 1# - SERİ EK GİRİŞİ - TEKBİÇİM ESER ADI
Tekbiçim Başlık Teknik dizi ;
Volume number/sequential designation 144.
9 (RLIN) 69241
830 1# - SERİ EK GİRİŞİ - TEKBİÇİM ESER ADI
Tekbiçim Başlık Deniz Mühendisliği serisi ;
Volume number/sequential designation 3.
9 (RLIN) 69242
942 ## - EK GİRİŞ ÖGELERİ (KOHA)
Source of classification or shelving scheme Library of Congress Classification
Koha item type Book
Holdings
Materyal Türü Kalıcı Konum Mevcut Konum Raf Yeri Sınıflandırma Kaynağı Edinim Bilgisi Ana Konular Alt Konular Yer Numarası Demirbaş Numarası Fatura Tarihi Maliyet, Alış Fiyatı Maliyet, Yenileme Fiyatı Geri Çekilme Durumu Kayıp Durumu Hasarlı Durumu Kredi için değil Kayıt Tarih Toplam Ödünçverme Son Görülme Tarihi Son Kontrol Tarihi
Book Prof. Dr. Azmi Özcan Kütüphanesi Prof. Dr. Azmi Özcan Kütüphanesi Birûni Salonu Library of Congress Classification Satın TEKNOLOJİ Hidrolik Mühendisliği, Okyanus Mühendisliği TC205 .Y85 2010 0036557 23/07/2012 33.12 33.12         30/04/2012   05/12/2024 05/12/2024